Cvičení s míči pro družstvo žen Č. O. S. k olympijským závodům v Berlíně r. 1936 /
| Main Author: | Skalický, Josef, skladatel |
|---|---|
| Other Authors: | Runtová, Anna |
| Language: | No linguistic content |
| Published: |
[Praha] : Československá obec sokolská, 1936 |
| Series: |
Sokolská cvičení při hudbě
|
| Physical Description: |
5 s. + popis cvičení (36 s.) |
| LEADER | 00958ncm a22002412a 4500 | ||
|---|---|---|---|
| 001 | 001280526 | ||
| 003 | CZ BrMZK | ||
| 005 | 20130925090705.0 | ||
| 007 | qu | ||
| 008 | 130121s1936 xr |||||||||||||||||zxx d | ||
| 040 | |a BOA001 |b cze | ||
| 072 | 7 | |a 786 |x Hudba pro klávesové nástroje |2 Konspekt |9 9 | |
| 100 | 1 | |a Skalický, Josef, |c skladatel |4 cmp | |
| 245 | 1 | 0 | |a Cvičení s míči |h [hudebnina] : |b pro družstvo žen Č. O. S. k olympijským závodům v Berlíně r. 1936 / |c Josef Skalický ; sestavila A. Runtová-Jelínková |
| 260 | |a [Praha] : |b Československá obec sokolská, |c 1936 | ||
| 300 | |a 5 s. + |e popis cvičení (36 s.) | ||
| 490 | 1 | |a Sokolská cvičení při hudbě ; |v sv. 262 | |
| 700 | 1 | |a Runtová, Anna |7 jk01103072 |4 chr | |
| 830 | 0 | |a Sokolská cvičení při hudbě | |
| 910 | |a BOA001 |b Mus4-0081.747,262 | ||
| 990 | |a MU | ||
| 991 | |b 201302 | ||
| 996 | 6 | |b 2619514359 |c Mus4-0081.747,262 |l MZK |r Sklad / do 1 hodiny |n 0 |w 001314842 |u 000010 |a 1 |e BOA001 |j MZK50 |s P | |
English
Čeština 